Exasperación de la filosofía: el Leibnitz de Deleuze

Guardat en:
Dades bibliogràfiques
Autor principal: Deleuze, Gilles (Autor)
Altres autors: Equipo Editorial Cactus (traductor)
Format: Llibre
Idioma:espanyol
Publicat: Buenos Aires Cactus 2006
Edició:1a. ed
Col·lecció:Clases, 2
Matèries:
Etiquetes: Afegir etiqueta
Sense etiquetes, Sigues el primer a etiquetar aquest registre!

MARC

LEADER 00000nam a2200000 a 4500
001 UCJ2499
003 CL-VaPUC
005 20241024143750.0
008 061222e20060000AG |||||||||||||||||spa|d
999 |c 318734  |d 318732 
020 |a 9872100055 
040 |c Pontificia Universidad Católica de Valparaíso 
082 0 4 |a 109  |b DEL  |2 21 
100 |a Deleuze, Gilles  |e author  |9 487836 
245 1 0 |a Exasperación de la filosofía: el Leibnitz de Deleuze 
250 |a 1a. ed 
260 |a Buenos Aires  |b Cactus  |c 2006 
300 |a 390 p 
490 0 |a Clases, 2 
583 |a last modification  |c 20061222 00:00:00  |k Rodrigo Vera 
650 0 |a Filosofía   |9 223554 
650 0 |a Ciencia  |9 255691 
650 0 |a Lógica  |9 256849 
650 0 |a Filosofía de las ciencias  |9 256466 
700 1 |a Equipo Editorial Cactus  |e traductor  |9 864917 
942 |c BK  |2 ddc 
945 |d 20061222 00:00:00  |a jtorresc 
952 |0 0  |1 0  |4 0  |6 109_000000000000000_DEL_2006  |7 0  |8 A  |9 396777  |a BIBEDU  |b BIBEDU  |d 2019-11-22  |i 4304780  |l 8  |m 1  |o 109 DEL 2006  |p 4304780  |r 2023-06-22  |s 2023-06-14  |w 2019-11-22  |y BK  |k FIL